000 nam a22 7a 4500
999 _c9219
_d9219
008 180124b ||||| |||| 00| 0 eng d
100 _aCBSE
_95477
245 _aScience X
260 _aNew Delhi
_bRachna Publication
_c2008